|
|
|
|
| LEADER |
02617nam a2200613 a 4500 |
| 001 |
nkc20102124031 |
| 003 |
CZ PrNK |
| 005 |
20240112111013.0 |
| 007 |
ta |
| 008 |
100901s2010 xr a f m 000 0 eng |
| 015 |
|
|
|a cnb002124031
|
| 020 |
|
|
|a 978-80-7444-004-5
|q (brož.)
|
| 035 |
|
|
|a (OCoLC)693927741
|
| 040 |
|
|
|a ABA001
|b cze
|
| 041 |
0 |
|
|a eng
|b cze
|
| 072 |
|
7 |
|a 543
|x Analytická chemie
|2 Konspekt
|9 10
|
| 080 |
|
|
|a 543.424.2
|2 MRF
|
| 080 |
|
|
|a 547.97
|2 MRF
|
| 080 |
|
|
|a 547.979.8
|2 MRF
|
| 080 |
|
|
|a 578/579
|2 MRF
|
| 080 |
|
|
|a 911.2(252.32/.33)
|2 MRF
|
| 080 |
|
|
|a 573.5
|2 MRF
|
| 080 |
|
|
|a (043.3)378.245
|2 MRF
|
| 100 |
1 |
|
|a Vítek, Petr
|7 jx20101101028
|4 dis
|
| 245 |
1 |
0 |
|a Identification of microbial pigments in evaporites using Raman spectroscopy - implications for astrobiology =
|b Identifikace mikrobiálních pigmentů v evaporitech pomocí Ramanovy spektroskopie - využití v astrobiologii : Ph.D. thesis /
|c Petr Vítek
|
| 246 |
3 |
1 |
|a Identifikace mikrobiálních pigmentů v evaporitech pomocí Ramanovy spektroskopie - využití v astrobiologii
|
| 250 |
|
|
|a 1st ed.
|
| 260 |
|
|
|a Prague :
|b Charles University in Prague, Faculty of Sciences,
|c 2010
|
| 300 |
|
|
|a 60, [53] s. :
|b il. (některé barev.) ;
|c 25 cm
|
| 502 |
|
|
|a Disertace(Ph.D.)--Univerzita Karlova, Přírodovědecká fakulta, Ústav geochemie, mineralogie a nerostných zdrojů, 2010
|
| 504 |
|
|
|a Obsahuje bibliografie a bibliografické odkazy
|
| 546 |
|
|
|a České resumé
|
| 650 |
0 |
7 |
|a Ramanova spektroskopie
|7 ph191241
|2 czenas
|
| 650 |
0 |
7 |
|a organické pigmenty
|7 ph233607
|2 czenas
|
| 650 |
0 |
7 |
|a karotenoidy
|7 ph121485
|2 czenas
|
| 650 |
0 |
7 |
|a mikroorganismy
|7 ph115309
|2 czenas
|
| 650 |
0 |
7 |
|a aridní oblasti
|7 ph118602
|2 czenas
|
| 650 |
0 |
7 |
|a astrobiologie
|7 ph114084
|2 czenas
|
| 650 |
0 |
9 |
|a Raman spectroscopy
|2 eczenas
|
| 650 |
0 |
9 |
|a organic pigments
|2 eczenas
|
| 650 |
0 |
9 |
|a carotenoids
|2 eczenas
|
| 650 |
0 |
9 |
|a microorganisms
|2 eczenas
|
| 650 |
0 |
9 |
|a arid regions
|2 eczenas
|
| 650 |
0 |
9 |
|a exobiology
|2 eczenas
|
| 655 |
|
7 |
|a doktorské disertace
|7 fd186751
|2 czenas
|
| 655 |
|
9 |
|a higher doctoral dissertations
|2 eczenas
|
| 710 |
2 |
|
|a Univerzita Karlova.
|b Ústav geochemie, mineralogie a nerostných zdrojů
|7 xx0006005
|
| 856 |
4 |
1 |
|u http://www.digitalniknihovna.cz/mzk/uuid/uuid:080539a0-4c34-11e7-b03f-005056827e52
|y Digitalizovaný dokument
|x NDK
|
| 910 |
2 |
|
|a BOA001
|b 2-1246.652
|
| 928 |
9 |
|
|a Univerzita Karlova, Přírodovědecká fakulta
|
| 990 |
|
|
|a BK
|
| 995 |
|
|
|a 01
|
| 991 |
|
|
|b 201011
|c NOV
|e n
|
| 996 |
6 |
|
|b 2610451230
|c 2-1246.652
|l MZK
|r Sklad / do 1 hodiny
|n 2
|p p.v.
|w 001151967
|u 000010
|a 1
|e BOA001
|j MZK50
|s P
|